000 01043nam a2200229Ii 4500
003 JO-AjNU
008 230605s9999||||xx |||||||||||||| ||und||
017 _a2022/5/2589
020 _a978-9923-25-548-3
040 _aJO-AjNU
_bara
_erda
_cJO-AjNU
041 _aara
050 1 4 _aHD69.2022
100 3 _aجامعة عجلون الوطنية/كلية ادارة الاعمال,
_eauthor
_963203
245 0 0 _aالمؤتمر العلمي الدولي المحكم الخامس، الريادة والاستثمار ( التحديات - الأساليب - الحلول) جامعة عجلون الوطنية / كلية ادارة الاعمال، ج2
250 _aط1
264 3 1 _aعمان: دار امجد للنشر والتوزيع، 2022
300 _aج2: 700
336 _atext
_btxt
_2rdacontent
337 _aunmediated
_bn
_2rdamedia
338 _avolume
_bnc
_2rdacarrier
650 4 _aالبنوك-الاستثمارات-التمويل الاسلامي-الادارة المالية-التنمية الاقتصادية
_963204
999 _aA28656
_c32224
_d32224